00798cam a2200217 a 450000100100000000500170001000800410002703500190006804000230008708200170011010000270012724500990015426001030025330000260035650400330038250400740041565000270048965000200051665000310053665000130056700001444720260429123224.0760916s1973 mx b 001 0 spa  a(DLC) 74219871 aDO-SdBNPcICUdDLC a338.9bG661p1 aGordillo, Agustín A.10aPlanificación, participación y libertad en el proceso de cambio /cAugustín A. Gordillo. aMéxico :bCentro Regional de Ayuda Técniva ;bAgencia para el Desarrollo Internacional,c1973. axiv, 284 p. ;c23 cm. aBibliografías: p. 277-284. aIncluye referencias bibliográficas y notas al pie de las páginas. 0aPolítica económica 4aPlanificación 0aParticipación política 0aLibertad